100 Biggest U.S. Cities in Former Mexican Territories with a Map - Statistics

General Stats
  • This quiz has been taken 158 times
  • The average score is 54 of 100
Answers on the Map
Answers color-coded by a green-red scale on the quiz's map according to % correct below.
 
Answer Stats
Population State Cities % Correct
2,390,125 TX Houston
100%
3,878,704 CA Los Angeles
99%
993,588 TX Austin
98%
1,326,087 TX Dallas
98%
681,723 TX El Paso
97%
678,922 NV Las Vegas
97%
1,673,164 AZ Phoenix
97%
217,783 UT Salt Lake City
97%
827,526 CA San Francisco
97%
535,798 CA Sacramento
96%
1,404,452 CA San Diego
96%
1,526,656 TX San Antonio
93%
560,326 NM Albuquerque
92%
1,008,106 TX Fort Worth
91%
281,714 NV Reno
90%
997,368 CA San Jose
90%
554,013 AZ Tucson
90%
550,105 CA Fresno
89%
317,317 TX Corpus Christi
86%
443,554 CA Oakland
83%
203,729 TX Amarillo
79%
417,468 CA Bakersfield
78%
272,086 TX Lubbock
75%
517,151 AZ Mesa
74%
261,260 TX Laredo
73%
450,901 CA Long Beach
72%
323,757 CA Riverside
72%
344,561 CA Anaheim
70%
294,034 NV North Las Vegas
70%
324,975 CA Stockton
70%
191,967 TX Brownsville
68%
350,039 NV Henderson
66%
148,782 TX McAllen
66%
403,672 TX Arlington
63%
224,775 CA San Bernardino
63%
146,608 TX Waco
63%
246,170 AZ Scottsdale
62%
316,184 CA Santa Ana
61%
278,546 CA Chula Vista
60%
258,143 AZ Glendale
60%
187,823 CA Glendale
60%
293,286 TX Plano
58%
318,683 CA Irvine
57%
149,617 TX Pasadena
55%
137,195 CA Pasadena
55%
190,114 AZ Tempe
54%
281,231 AZ Chandler
52%
258,060 TX Irving
51%
143,687 TX Midland
51%
130,501 TX Abilene
50%
288,790 AZ Gilbert
50%
220,592 CA Modesto
50%
177,524 CA Santa Rosa
48%
200,616 CA Oxnard
47%
229,159 CA Santa Clarita
47%
228,192 CA Fremont
46%
160,616 TX Killeen
46%
133,132 CA Santa Clara
46%
235,208 TX Frisco
44%
138,144 UT West Valley City
43%
128,023 TX College Station
42%
137,941 CA Orange
42%
250,431 TX Garland
41%
165,998 TX Denton
40%
167,564 AZ Surprise
40%
193,151 CA Huntington Beach
38%
227,526 TX McKinney
37%
160,783 CA Salinas
37%
185,285 CA Ontario
36%
170,941 CA Oceanside
34%
207,331 TX Grand Prairie
33%
199,924 AZ Peoria
32%
213,919 CA Moreno Valley
31%
182,797 CA Elk Grove
30%
150,140 TX Mesquite
30%
135,359 TX Round Rock
30%
162,536 CA Palmdale
29%
124,229 CA Thousand Oaks
28%
161,540 CA Corona
27%
218,455 CA Fontana
27%
167,426 CA Lancaster
27%
163,304 CA Roseville
27%
140,721 CA Victorville
26%
148,847 CA Escondido
25%
129,620 TX Pearland
25%
176,675 CA Rancho Cucamonga
25%
156,792 CA Sunnyvale
25%
139,576 CA Torrance
25%
123,475 CA Vallejo
25%
158,440 CA Hayward
23%
146,271 CA Visalia
23%
135,456 TX Carrollton
21%
147,966 CA Pomona
21%
124,016 CA Concord
20%
172,361 CA Garden Grove
20%
140,054 CA Fullerton
19%
135,983 TX Lewisville
19%
125,778 CA Simi Valley
17%
127,993 CA Clovis
16%
122,646 CA Fairfield
14%
No matching quizzes found
Score Distribution
Percent of People with Each Score
Percentile by Number Answered
Your Score History
You have not taken this quiz